00310pab a2200121 454500008004000000100002300040245006100063260000900124300001300133362000800146650002300154773001100177180718b2010 xxu||||| |||| 00| 0 eng d aRao, Radha Krishna aCelebrating 60 years: a boost to Indian aerospace sector c2010 ap.43-45. aJan aAerospace industry aYojana